Statistics for Movies by Two Word Clues

Click here to take the quiz!

General Stats

  • This quiz has been taken 83 times
  • The average score is 8 of 15

Answer Stats

HintAnswer% Correct
Hakuna MatataThe Lion King
95%
Here's Johnny!The Shining
89%
Wakanda Forever!Black Panther
85%
Hello ClariceThe Silence of the Lambs
80%
Red PillThe Matrix
75%
Great Scott!Back to the Future
65%
Spider PigThe Simpsons Movie
59%
Keyser SözeThe Usual Suspects
57%
Rick's CafeCasablanca
56%
Hey Stella!A Streetcar Named Desire
51%
Colonel KurtzApocalypse Now
34%
Red StaplerOffice Space
28%
Truffle ShuffleThe Goonies
27%
The SchwartzSpaceballs
14%
Callahan AutoTommy Boy
8%

Score Distribution

Percentile by Number Answered

Percent of People with Each Score

Your Score History

You have not taken this quiz